Traité d'hygiène / (Record no. 162655)

MARC details
000 -LEADER
campo de control de longitud fija 00792nam a22002175i 4500
001 - NÚMERO DE CONTROL
campo de control 162655
003 - IDENTIFICADOR DE NÚMERO DE CONTROL
campo de control ES-MaACL
005 - FECHA Y HORA DE LA ÚLTIMA TRANSACCIÓN
campo de control 20260202063018.0
008 - DATOS DE LONGITUD FIJA--INFORMACIÓN GENERAL
campo de control de longitud fija 050715s1904 fr ab | |||||||| ||fre d
040 ## - FUENTE DE CATALOGACIÓN
Centro catalogador/agencia de origen CAM
Lengua de catalogación spa
Centro/agencia transcriptor CAM
100 1# - ENTRADA PRINCIPAL--NOMBRE DE PERSONA
Nombre de persona Proust, Adrien,
Fechas asociadas al nombre 1834-1903
9 (RLIN) 154250
245 10 - MENCIÓN DEL TÍTULO
Título Traité d'hygiène /
Mención de responsabilidad, etc. par A. Proust.
250 ## - MENCION DE EDICION
Mención de edición 3e éd. ev. et augm.
Resto de la mención de edición avec la collaboration de A. Netter et H. Bourges.
260 ## - PUBLICACIÓN, DISTRIBUCIÓN, ETC.
Lugar de publicación, distribución, etc. Paris :
Nombre del editor, distribuidor, etc. Masson et C.,
Fecha de publicación, distribución, etc. 1904 (
Lugar de fabricación/manufactura Coulommiers :
Fabricante Imp. Paul Brodard)
300 ## - DESCRIPCIÓN FÍSICA
Extensión 12, 1245 p. :
Otras características físicas il. ;
Dimensiones 25 cm.
650 04 - PUNTO DE ACCESO ADICIONAL DE MATERIA--TÉRMINO DE MATERIA
Término de materia o nombre geográfico como elemento de entrada Higiene.
9 (RLIN) 13347
700 1# - ENTRADA AGREGADA--NOMBRE PERSONAL
Nombre de persona Netter, Arnold (
Fechas asociadas al nombre 1855-1936)
9 (RLIN) 154251
700 1# - ENTRADA AGREGADA--NOMBRE PERSONAL
Nombre de persona Bourges, Henri.
9 (RLIN) 154252
852 ## - LOCALIZACIÓN
Ubicación ES-MaACL
Número de control de estantería B-12130
Nota libre -- Enc. pasta española, conservando la cub. original
Holdings
Estatus retirado Estado de pérdida Estado de daño No para préstamo Biblioteca de origen Biblioteca actual Ubicación en estantería Fecha de adquisición Fuente de adquisición Total de préstamos Signatura topográfica completa Código de barras Visto por última vez Precio de reemplazo Tipo de ítem Koha
        Biblioteca del Ateneo de Madrid Biblioteca del Ateneo de Madrid Sala Pardo Bazán 17/01/2008     B-12130 1170409 23/02/2023 23/02/2023 Libro impreso